| Tag |
First Indicator |
Second Indicator |
Subfields |
| LEADER |
00000cam a2200000 a 4500 |
| 001 |
in00000904310 |
| 005 |
20150923185006.0 |
| 008 |
880408s1989 nyua b 00100 eng |
| 010 |
|
|
|a 88011063
|
| 020 |
|
|
|a 2881242693
|
| 035 |
|
|
|a (OCoLC)17840602
|
| 035 |
|
|
|9 AEM7658AM
|
| 040 |
|
|
|a DLC
|c DLC
|d TXA
|d UtOrBLW
|
| 049 |
|
|
|a TXAM
|c [A13095867]
|
| 050 |
0 |
0 |
|a TP248.B55
|b B555 1989
|
| 082 |
0 |
0 |
|a 661/.8
|2 19
|
| 245 |
0 |
0 |
|a Biomass handbook /
|c edited by Osamu Kitani and Carl W. Hall ; associate editors, Klaus Wagener [and others].
|
| 264 |
|
1 |
|a New York :
|b Gordon and Breach Science Publishers,
|c [1989]
|
| 264 |
|
4 |
|c ©1989
|
| 300 |
|
|
|a xvii, 963 pages :
|b illustrations ;
|c 29 cm.
|
| 336 |
|
|
|a text
|b txt
|2 rdacontent
|
| 337 |
|
|
|a unmediated
|b n
|2 rdamedia
|
| 338 |
|
|
|a volume
|b nc
|2 rdacarrier
|
| 504 |
|
|
|a Includes bibliographical references and index.
|
| 650 |
|
0 |
|a Biomass chemicals
|x Handbooks, manuals, etc.
|
| 700 |
1 |
|
|a Kitani, Osamu,
|d 1935-
|
| 700 |
1 |
|
|a Hall, Carl W.
|
| 999 |
|
|
|a MARS
|
| 999 |
f |
f |
|s 38bce670-30d8-38e5-8aa4-65d612d6aadc
|i 2b31bf1b-b719-3452-b411-aa31847045bb
|t 0
|
| 952 |
f |
f |
|p ric
|a Texas A&M University
|b Rellis Campus
|c Joint Library Facility
|d Remote Storage
|t 0
|e TP248.B55 B555 1989
|h Library of Congress classification
|i unmediated -- volume
|m A14813095867
|
| 998 |
f |
f |
|a TP248.B55 B555 1989
|t 0
|l Remote Storage
|